|
|
|
|
| LEADER |
00000nab a2200000 a 4500 |
| 001 |
vtls000119485 |
| 003 |
SK-MaSNL |
| 005 |
20260303180610.0 |
| 008 |
040806c1982 xo 0 slo |
| 015 |
|
|
|a SNBRB19rr/mm-uuuuu
|
| 035 |
|
|
|a CL0129590
|
| 040 |
|
|
|a SNKBUCL
|b slo
|c SNKBUCL
|e AACR2
|
| 041 |
0 |
|
|a slo
|
| 044 |
|
|
|a xo
|c SK
|
| 080 |
|
|
|a 792.2
|2 1981
|
| 100 |
1 |
|
|a Jarábek, Mikuláš,
|d 1943-
|4 aut
|9 170386
|
| 245 |
1 |
0 |
|a Podnetná hra - inscenačný čin
|b Salynského Fáma v činohre Novej scény v Bratislave
|c Mikuláš Jarábek
|
| 600 |
1 |
7 |
|a Salynskij, Afanasij Dmitrijevič,
|d 1920-1993
|t Fáma
|2 snkbucl
|9 1206491
|
| 610 |
2 |
7 |
|a Divadlo Nová scéna.
|b Činohra
|2 snkbucl
|9 119345
|
| 650 |
0 |
7 |
|a divadelné inscenácie
|2 snkbucl
|9 3326
|
| 655 |
|
7 |
|a recenzie
|2 snkbucl
|9 21907
|
| 655 |
|
7 |
|a články z novín a časopisov
|2 snkbucl
|9 267496
|
| 773 |
0 |
|
|t Pravda
|g Roč. 63, č. 159 (7. 7. 1982), s. 5
|
| 850 |
|
|
|a Slovenská národná knižnica v Martine
|a MTA001
|
| 852 |
|
|
|a SNK
|b KIS3GCP
|
| 999 |
|
|
|c 2107021
|d 2108951
|